Plant breeding biometry biometechnology / (Record no. 29070)

000 -LEADER
fixed length control field 00698nam a2200217 4500
008 - FIXED-LENGTH DATA ELEMENTS--GENERAL INFORMATION
fixed length control field 171106b xxu||||| |||| 00| 0 eng d
020 ## - INTERNATIONAL STANDARD BOOK NUMBER
International Standard Book Number 9788173816338
020 ## - INTERNATIONAL STANDARD BOOK NUMBER
International Standard Book Number 8173816336
050 ## - LIBRARY OF CONGRESS CALL NUMBER
Classification number SB123
Item number .K37 2010
100 ## - MAIN ENTRY--PERSONAL NAME
Personal name Kar, Dipak Kumar
245 ## - TITLE STATEMENT
Title Plant breeding biometry biometechnology /
Statement of responsibility, etc. Dipak Kumar Kar and Soma Halder.
260 ## - PUBLICATION, DISTRIBUTION, ETC. (IMPRINT)
Place of publication, distribution, etc. London :
Name of publisher, distributor, etc. New Central Book Agency,
Date of publication, distribution, etc. 2010.
300 ## - PHYSICAL DESCRIPTION
Extent x, 411 p. :
Other physical details ill. ;
Dimensions 25 cm
500 ## - GENERAL NOTE
General note Include index
650 ## - SUBJECT ADDED ENTRY--TOPICAL TERM
Topical term or geographic name as entry element Plant biotechnology.
650 ## - SUBJECT ADDED ENTRY--TOPICAL TERM
Topical term or geographic name as entry element Plant cell and tissue culture.
650 ## - SUBJECT ADDED ENTRY--TOPICAL TERM
Topical term or geographic name as entry element Agriculture.
650 ## - SUBJECT ADDED ENTRY--TOPICAL TERM
Topical term or geographic name as entry element Hybridization.
700 ## - ADDED ENTRY--PERSONAL NAME
Personal name Halder, Soma.
942 ## - ADDED ENTRY ELEMENTS (KOHA)
Source of classification or shelving scheme
Koha item type Hard Covered Materials
Classification part SB123 .K37 2010
Koha issues (borrowed), all copies 3
Holdings
Withdrawn status Lost status Source of classification or shelving scheme Damaged status Not for loan Home library Current library Shelving location Date acquired Source of acquisition Cost, normal purchase price Total Checkouts Full call number Barcode Date last seen Date last checked out Price effective from Koha item type
          MACHAKOS UNIVERSITY LIBRARY MACHAKOS UNIVERSITY LIBRARY All Collections 06/11/2017 Unes Bookshop 1100.00 6 SB123 .K37 2010 37380 02/12/2019 18/11/2019 06/11/2017 Hard Covered Materials
© Machakos University Library, Along The Highway, Machakos Wote Rd, Machakos, Kenya P.O. Box 136 - 90100 Machakos - Kenya

Tel: ( +254 ) 723 805829 OR Fax : 044-20353 OR Email: library@mksu.ac.ke